000
00327pam a2200145 a 4500
020
_c
041
_a
eng
082
_a
616.9201
_b
DEL
100
_a
Dela Maza .
245
_a
Color Atlas of Medical Bacteriology
_h
Textual Documents
250
_a
2013.
260
_a
[s.l]:
_b
ASM Press .
300
_a
353p.
930
_a
1069
999
_c
77994
_d
77994